000 00318nam a22001457a 4500
008 210303b ||||| |||| 00| 0 eng d
020 _a031666492
041 _aeng
080 _a616.8
082 _a616.8
100 _a7
101 _aNEU
245 _aIntroducion to Neuroimaging
_cOrrison, W.W
942 _2udc
_cBK
999 _c55696
_d55696